000
00298nam a22001337a 4500
008
190205b xxu||||| |||| 00| 0 eng d
020
_a
0820310190
041
_a
eng
080
_a
316
100
_a
50
101
_a
SOC
245
_a
Southern Sociological Society
_c
Simpson, I.H
942
_2
udc
_c
BK
999
_c
54036
_d
54036